书目信息 |
| 题名: |
色彩人物写生基础
|
|
| 作者: | 卢刚 , 武小川 编著 | |
| 分册: | ||
| 出版信息: | 北京 中国纺织出版社 2003.10 |
|
| 页数: | 97页 | |
| 开本: | 28cm | |
| 丛书名: | 色彩写生基础丛书 | |
| 单 册: | ||
| 中图分类: | J211.25 | |
| 科图分类: | ||
| 主题词: | 色彩--人物画--写生画--技法(美术) , 色彩 , 人物画 , 写生画 , 技法(美术) | |
| 电子资源: | ||
| ISBN: | 7-5064-2523-8 | |
| 000 | 01018oam2 2200325 450 | |
| 001 | 002227692 | |
| 005 | 20040216192622.0 | |
| 009 | 002227692 | |
| 010 | @a7-5064-2523-8@dCNY42.00 | |
| 100 | @a20041220d2003 em y0chiy0110 ea | |
| 101 | 0 | @achi |
| 102 | @aCN@b110000 | |
| 105 | @aa z 000yy | |
| 200 | 1 | @a色彩人物写生基础@Ase cai ren wu xie sheng ji chu@f卢刚,武小川编著@Flu gang,wu xiao chuan bian zhu |
| 210 | @a北京@c中国纺织出版社@d2003.10 | |
| 215 | @a97页@d28cm | |
| 225 | 2 | @a色彩写生基础丛书 |
| 330 | @a本书以色彩造型为主线,围绕人物写生的一般规律和基本技法而展开。书中的作品既有规律的相通、手法的相近,但更多的是独特的表达。 | |
| 410 | 0 | @12001 @a色彩写生基础丛书 |
| 606 | 0 | @a色彩@x人物画@x写生画@x技法(美术) |
| 606 | 0 | @a色彩 |
| 606 | 0 | @a人物画 |
| 606 | 0 | @a写生画 |
| 606 | 0 | @a技法(美术) |
| 690 | @aJ211.25@v4 | |
| 701 | 0 | @a卢刚@Alu gang@4编著 |
| 701 | 0 | @a武小川@Awu xiao chuan@4编著 |
| 801 | 0 | @aCN@bNLC@c20041220 |
| 905 | @aBZT@dJ211.25@e2@f6 | |
| 906 | @dCNY42.00@n0@r1 | |
| 色彩人物写生基础/卢刚,武小川编著.-北京:中国纺织出版社,2003.10 |
| 97页;28cm.-(色彩写生基础丛书) |
| ISBN 7-5064-2523-8:CNY42.00 |
| 本书以色彩造型为主线,围绕人物写生的一般规律和基本技法而展开。书中的作品既有规律的相通、手法的相近,但更多的是独特的表达。 |
| ● |
| 相关链接 |
|
|
|
正题名:色彩人物写生基础
索取号:J211.25/2
 
预约/预借
| 序号 | 登录号 | 条形码 | 馆藏地/架位号 | 状态 | 备注 |
| 1 | 0376481 | 200890232 | 样本书库/样006架B面1层1列/ [索取号:J211.25/2] | 在馆 | |
| 2 | 0376482 | 200890205 | 中心书库中库/ 中库016架B面6列6层4/ [索取号:J211.25/2] | 在馆 | |
| 3 | 0376483 | 200890214 | 中心书库中库/ 中库017架A面3列7层29/ [索取号:J211.25/2] | 在馆 | |
| 4 | 0376484 | 200890189 | 中心书库中库/ 中库016架B面2列2层10/ [索取号:J211.25/2] | 在馆 | |
| 5 | 0376485 | 200890198 | 中心书库中库/ 中库018架A面7列3层11/ [索取号:J211.25/2] | 在馆 | |
| 6 | 0376486 | 200890161 | 中心书库中库/ 中库017架A面1列4层74/ [索取号:J211.25/2] | 在馆 |